| 000 | 00840nam a2200229 i 4500 | ||
|---|---|---|---|
| 001 | 30433 | ||
| 003 | ES-MaACL | ||
| 005 | 20250825144953.0 | ||
| 007 | t| | ||
| 008 | 030124s1984 sp ||||1| spa d | ||
| 100 | 1 |
_aBaxandall, Michael, _d1933-2008 _926639 |
|
| 245 | 1 | 0 |
_aPintura y vida cotidiana en el Renacimiento _b: arte y experiencia en el quattrocento / _cMichael Baxandall ; [versión de Homero Alsina Thevenet ; revisión por Tomás Llorens]. |
| 250 | _a[3ª ed.]. | ||
| 260 |
_aBarcelona, etc. : _bGustavo Gili, _c[1984] |
||
| 300 |
_a201 p., 4 lám. : _bil. ; _c21 cm. |
||
| 490 | 1 | _aComunicación visual | |
| 700 | 1 |
_aAlsina Thevenet, Homero. _920495 |
|
| 700 | 1 |
_aLlorens, Tomás, _d1936- _972895 |
|
| 830 | 0 |
_aComunicación visual _9181342 |
|
| 852 |
_aES-MaACL _jL-7142 _bR.107917 |
||
| 999 |
_c30433 _d30433 |
||